Phasmophobia Ghosts Based on Evidence - Statistics

General Stats
  • This quiz has been taken 114 times
  • The average score is 11 of 24
Answer Stats
Hint Answer % Correct
EMF Level 5 Spirit
84%
Spirit Box Response Poltergeist
57%
Fingerprints Hantu
53%
Spirit Box Response The Mimic
50%
Fingerprints Demon
49%
Spirit Box Response Mare
46%
Spirit Box Response Deogen
44%
EMF Level 5 Goryo
43%
Ghost Orb Thaye
43%
Fingerprints Banshee
41%
EMF Level 5 Obake
41%
Spirit Box Response Onryo
41%
EMF Level 5 Shade
41%
EMF Level 5 The Twins
41%
Ghost Orbs Revenant
40%
EMF Level 5 Jinn
39%
EMF Level 5 Myling
39%
EMF Level 5 Oni
39%
EMF Level 5 Raiju
39%
EMF Level 5 Wraith
39%
Spirit Box Response Yokai
39%
Spirit Box Response Moroi
37%
Spirit Box Response Phantom
36%
Ghost Orbs Yurei
34%
No matching quizzes found
Score Distribution
Percent of People with Each Score
Percentile by Number Answered
Your Score History
You have not taken this quiz